Unequal Childhoods: class, race, and family life/

Furkejuvvon:
Bibliográfalaš dieđut
Váldodahkki: Lareau, Annette
Materiálatiipa: Girji
Giella:English
Almmustuhtton: California: University of California Press, 2003
Fáddágilkorat: Lasit fáddágilkoriid
Eai fáddágilkorat, Lasit vuosttaš fáddágilkora!

MARC

LEADER 00000nam a22000007a 4500
003 cru CIDCACS/IIS
005 20180308062534.0
007 ta
008 180307t2003 cau|||||r|||||||| ||eng|d
999 |c 41110  |d 41110 
020 |a 0520239504 
040 |c cru CIDCACS/IIS 
090 |a 05.03.05 L321u 
100 1 |a Lareau, Annette  |9 6751 
245 1 |a Unequal Childhoods:  |b class, race, and family life/  |c Annette Lareau 
260 |a California:  |b University of California Press,  |c 2003 
300 |a 331 páginas:  |b tablas 
500 |a Donado por Joanna Dreby 
942 |2 ddc  |c LI